000 00286nam a2200121 a 4500
005 20141022142001.0
008 100916s19uu xx 00 eng d
050 _aDVD
_bW72 2003
245 _aWindows server.
260 _bStandford University,
_c2003.
650 _aDVD
942 _cAVM
999 _c276263
_d276263